LEADER 01091nam2-2200373---450- 001 990001300500203316 005 20031216091730.0 010 $a0-8186-0822-6 035 $a000130050 035 $aUSA01000130050 035 $a(ALEPH)000130050USA01 035 $a000130050 100 $a20031216d1987----km-y0itay0103----ba 101 0 $aeng 102 $aUS 105 $aa|||||||001yy 200 1 $a<> : Implementations$fGerald E. Peterson 210 $aLos Alamitos ; Washington$cIEEE$dcopyr. 1987 215 $aVII, 313 p.$cill.$d28 cm. 410 0$12001 454 1$12001 461 1$1001000130036$12001$aObject-oriented computing 606 0 $aElaboratori elettronici$xProgrammazione 700 1$aPETERSON,$bGerald E.$059794 801 0$aIT$bsalbc$gISBD 912 $a990001300500203316 951 $a005.1 OBJ (2)$b2352 Ing.$cOBJ 959 $aBK 969 $aTEC 979 $aSIAV4$b10$c20031216$lUSA01$h0916 979 $aSIAV4$b10$c20031216$lUSA01$h0917 979 $aPATRY$b90$c20040406$lUSA01$h1732 996 $aImplementations$9929427 997 $aUNISA LEADER 01244nam2 22002773i 450 001 VAN0105804 005 20230725023838.189 020 $aIT$b1952 4428 100 $a20160608d1952 |0itac50 ba 101 $aita 102 $aIT 105 $a|||| ||||| 200 1 $aˆ23: La ‰compravendita$fDomenico Rubino 210 $aMilano$cGiuffrè$d1952 215 $aXV, 855 p.$d25 cm 461 1$1001VAN0001362$12001 $aTrattato di diritto civile e commerciale$fgià diretto da Antonio Cicu, Francesco Messineo$gcontinuato da Luigi Mengoni$g[poi] già diretto da Antonio Cicu, Francesco Messineo, Luigi Mengoni$gcontinuato da Piero Schlesinger$1210 $aMilano$cGiuffrè$1215 $avolumi$d25 cm.$v23 606 $aVendita$3VANC030351$2SG 620 $dMilano$3VANL000284 700 1$aRubino$bDomenico$3VANV001358$0227990 712 $aGiuffrè $3VANV109181$4650 801 $aIT$bSOL$c20230728$gRICA 899 $aBIBLIOTECA DEL DIPARTIMENTO DI GIURISPRUDENZA$1IT-CE0105$2VAN00 912 $aVAN0105804 950 $aBIBLIOTECA DEL DIPARTIMENTO DI GIURISPRUDENZA$d00CONS BL.900M.738 (23) $e00BL 5288 SLP 20160608 Biblioteca Lauria 996 $aCompravendita$9579649 997 $aUNICAMPANIA